Southville International School and Colleges
Your cart is empty.
  • Cart
  • Lists
    Public lists Eva Luna New books Lux_list list_1
    Your lists Log in to create your own lists
  • Log in to your account
  • Your cookies
  • Search history
Southville International School and Colleges
  • Advanced search
  • Recent comments
  • Most popular
  • Libraries

Log in to your account

Log in with GOOGLE


If you do not have an external account, but do have a local account, you can still log in:

  1. Home
  2. MARC view: clinical Practice Guidelines for Midwifery & Women's Health /
Normal view MARC view ISBD view

clinical Practice Guidelines for Midwifery & Women's Health / (Record no. 13666)

[ view plain ]
MARC details
000 -LEADER
fixed length control field 00611nam a22002057a 4500
003 - CONTROL NUMBER IDENTIFIER
control field OSt
005 - DATE AND TIME OF LATEST TRANSACTION
control field 20140310182450.0
008 - FIXED-LENGTH DATA ELEMENTS--GENERAL INFORMATION
fixed length control field 130805t xxu||||| |||| 00| 0 eng d
020 ## - INTERNATIONAL STANDARD BOOK NUMBER
International Standard Book Number 9780763750138
050 ## - LIBRARY OF CONGRESS CALL NUMBER
Classification number RG 950
Item number .T476 2009
100 ## - MAIN ENTRY--PERSONAL NAME
Personal name Tharpe, Nell L.
9 (RLIN) 8054
245 ## - TITLE STATEMENT
Title clinical Practice Guidelines for Midwifery & Women's Health /
Statement of responsibility, etc Nell L. Tharpe
300 ## - PHYSICAL DESCRIPTION
Extent 471 p. :
Other physical details ill. ;
Dimensions 28 cm.
650 ## - SUBJECT ADDED ENTRY--TOPICAL TERM
Topical term or geographic name as entry element Midwifery
General subdivision Standards.
9 (RLIN) 8055
650 ## - SUBJECT ADDED ENTRY--TOPICAL TERM
Topical term or geographic name as entry element Maternity nursing
General subdivision Standards.
9 (RLIN) 8056
650 ## - SUBJECT ADDED ENTRY--TOPICAL TERM
Topical term or geographic name as entry element gynecologic
General subdivision Standards.
9 (RLIN) 8057
942 ## - ADDED ENTRY ELEMENTS (KOHA)
Source of classification or shelving scheme Library of Congress Classification
Koha item type
Holdings
Withdrawn status Lost status Source of classification or shelving scheme Damaged status Home library Current library Shelving location Date acquired Total Checkouts Full call number Barcode Date last seen Copy number Price effective from Koha item type
    Library of Congress Classification   South SEED-LPDH College Library South SEED-LPDH College Library South SEED-LPDH College Section 08/05/2013   RG 950 .T476 2009 SSLC0345 05/15/2018 1 08/05/2013 Books
    Library of Congress Classification   South SEED-LPDH College Library South SEED-LPDH College Library South SEED-LPDH College Section 08/13/2013   RG 950 .T476 2009 SSLC0289 05/15/2018 2 08/13/2013 Books

clinical Practice Guidelines for Midwifery & Women's Health /

APA

Tharpe N. L., .clinical Practice Guidelines for Midwifery & Women's Health. : .

Chicago

Tharpe Nell L, .clinical Practice Guidelines for Midwifery & Women's Health. : .

Harvard

Tharpe N. L., .clinical Practice Guidelines for Midwifery & Women's Health. : .

MLA

Tharpe Nell L, .: . .

  • Place hold
  • Print
  • Cite
  • Add to your cart (remove)
  • Save record
    BIBTEX Dublin Core MARCXML MARC (non-Unicode/MARC-8) MARC (Unicode/UTF-8) MARC (Unicode/UTF-8, Standard) MODS (XML) RIS
  • More searches
    Search for this title in:
    Other Libraries (WorldCat) Other Databases (Google Scholar) Online Stores (Bookfinder.com) Open Library (openlibrary.org)

Exporting to Dublin Core...

SOUTHVILLE LIBRARY

Southville International School and Colleges Library

1281 Tropical Ave. Cor. Luxembourg St., BF Homes International, Las Pinas City

Tel. No. 8256374 / 252358 Loc. 117/146

Powered by Koha